00653nam a2200181 i 4500001000700000003000900007005001700016008004100033020002200074245010200096260003200198300002200230490002200252500001200274700002900286830002200315852013400337187542ES-MaACL20240129115700.0171121s2014 cu |||| | spa d a978-959-204-36-5700aToda luz b: décima escrita espirituana (1997-2013) / cMerari Mangly Carrillo (recopiladora). aCuba : bLuminaria, c2014. a116 p. ; c20 cm.1 aColección Verja aIndice.1 aMangly Carrillo, Merari.0 aColección Verja aES-MaACLjA-14079 bR.150990cDEPO1dOlim: N-7079gDedicatoria autógrafa de la recopiladorahDonación: Merari Mangly Carrillo